000
00271 a2200121 4500
001
155758
040
_c
Escola São Tomás de Aquino
240
1
0
_a
Bebês da selva
_l
por
245
1
0
_a
Bebês da selva
440
1
_a
Girassol
697
_a
*LITERATURA INFANTIL
942
_c
BK
999
_c
155758
_d
155758